000 00818nam a2200229 a 4500
003 CBULib
005 20240423104207.0
008 060410s2004 ||||||||||||||||| || u
040 _aCBULib
_bEnglish
_cCBULib
_dCBULib
_erda
050 _aUN-ECE(02)2004/10
110 _aUnited Nations Economic Commission for Europe (UNECE)
245 1 0 _aCountry profiles on the housing sector : Armenia
_c/by United Nations Economic Commission for Africa (UN-ECE)
260 _aNew York :
_bUNITED NATIONS
_c2004
300 _avii, 75pages. : illustration
336 _2rdacontent
_aText |
_btxt
337 _2rdamedia
_aUnmediated |
_bn
338 _2rdacarrier
_aVolume
_bnc
650 _aHOUSING--ARMENIA
650 _aHOUSING
942 _2mc
_c023
999 _c39062
_d39062